Pokémons sans talents cachés - Statistiques

Statistiques générales
  • Ce quiz a été pris 91 fois
    70 depuis la dernière actualisation
  • Le résultat moyen est 126 sur 175
Statistiques - réponses
Generation Pokémon % Correct
Generation 3 Groudon
96%
Generation 3 Kyogre
96%
Generation 3 Latias
96%
Generation 3 Latios
96%
Generation 1 Mew
96%
Generation 3 Rayquaza
96%
Generation 2 Celebi
92%
Generation 3 Jirachi
92%
Generation 5 Kyurem
92%
Generation 7 Mandrillon
92%
Generation 3 Monaflèmit
92%
Generation 4 Regigigas
92%
Generation 5 Reshiram
92%
Generation 6 Volcanion
92%
Generation 8 Zamazenta
92%
Generation 7 Ama-Ama
88%
Generation 4 Arceus
88%
Generation 7 Câblifère
88%
Generation 7 Cancrelove
88%
Generation 4 Cresselia
88%
Generation 4 Darkrai
88%
Generation 6 Hoopa
88%
Generation 7 Katagami
88%
Generation 7 Lunala
88%
Generation 7 Marshadow
88%
Generation 3 Parecool
88%
Generation 7 Pierroteknik
88%
Generation 7 Vémini
88%
Generation 3 Vigoroth
88%
Generation 6 Xerneas
88%
Generation 6 Yveltal
88%
Generation 8 Zacian
88%
Generation 5 Zekrom
88%
Generation 7 Zéroïd
88%
Generation 6 Zygarde
88%
Generation 7 Bamboiselle
84%
Generation 8 Blizzeval
84%
Generation 5 Cobaltium
84%
Generation 7 Cosmog
84%
Generation 7 Cosmovum
84%
Generation 4 Créfadet
84%
Generation 4 Créfollet
84%
Generation 4 Créhelf
84%
Generation 3 Deoxys
84%
Generation 7 Engloutyran
84%
Generation 9 Épine-de-Fer
84%
Generation 9 Flotte-Mèche
84%
Generation 9 Garde-de-Fer
84%
Generation 5 Genesect
84%
Generation 9 Hotte-de-Fer
84%
Generation 9 Ire-Foudre
84%
Generation 5 Keldeo
84%
Generation 9 Koraidon
84%
Generation 7 Magearna
84%
Generation 5 Meloetta
84%
Generation 9 Miraidon
84%
Generation 9 Mite-de-Fer
84%
Generation 7 Mouscoto
84%
Generation 9 Paume-de-Fer
84%
Generation 9 Rampe-Ailes
84%
Generation 8 Regidrago
84%
Generation 8 Regieleki
84%
Generation 9 Roue-de-Fer
84%
Generation 9 Rugit-Lune
84%
Generation 9 Serpente-Eau
84%
Generation 7 Solgaleo
84%
Generation 8 Sylveroy
84%
Generation 5 Terrakium
84%
Generation 9 Vert-de-Fer
84%
Generation 5 Viridium
84%
Generation 7 Zeraora
84%
Generation 9 Baojian
80%
Generation 9 Chef-de-Fer
80%
Generation 9 Chongjian
80%
Generation 6 Diancie
80%
Generation 9 Dinglu
80%
Generation 9 Feu-Perçant
80%
Generation 4 Manaphy
80%
Generation 7 Necrozma
80%
Generation 9 Pelage-Sablé
80%
Generation 4 Phione
80%
Generation 4 Shaymin
80%
Generation 8 Spectreval
80%
Generation 9 Yuyu
80%
Generation 2 Zarbi
80%
Generation 8 Zarude
80%
Generation 8 Éthernatos
76%
Generation 9 Fort-Ivoire
76%
Generation 9 Gromago
76%
Generation 9 Hurle-Queue
76%
Generation 7 Melmetal
76%
Generation 7 Meltan
76%
Generation 7 Mimiqui
76%
Generation 9 Pêchaminus
76%
Generation 9 Roc-de-Fer
76%
Generation 8 Shifours
76%
Generation 9 Terapagos
76%
Generation 8 Wushours
76%
Generation 6 Dimoclès
72%
Generation 6 Exagide
72%
Generation 9 Fongus-Furie
72%
Generation 6 Monorpale
72%
Generation 9 Mordudor
72%
Generation 3 Morphéo
72%
Generation 4 Motisma
72%
Generation 9 Ogerpon
72%
Generation 7 Silvallié
72%
Generation 9 Têtes-de-Fer
72%
Generation 7 Type:0
72%
Generation 5 Diamat
68%
Generation 1 Ectoplasma
68%
Generation 1 Fantominus
68%
Generation 7 Froussardine
68%
Generation 3 Munja
68%
Generation 7 Plumeline
68%
Generation 5 Solochi
68%
Generation 1 Spectrum
68%
Generation 5 Trioxhydre
68%
Generation 5 Victini
68%
Generation 5 Zoroark / Zoroark de Hisui
68%
Generation 5 Zorua / Zorua de Hisui
68%
Generation 7 Chrysapile
64%
Generation 3 Libégon
64%
Generation 7 Lucanon
64%
Generation 7 Météno
64%
Generation 5 Aéroptéryx
60%
Generation 5 Arkéapti
60%
Generation 3 Armulys
60%
Generation 3 Blindalys
60%
Generation 3 Éoko
60%
Generation 4 Korillon
60%
Generation 7 Larvibule
60%
Generation 3 Séléroc
60%
Generation 7 Sinistrail
60%
Generation 3 Solaroc
60%
Generation 3 Vibraninf
60%
Generation 5 Anchwatt
56%
Generation 1 Artikodin de Galar
56%
Generation 8 Bekaglaçon
56%
Generation 6 Couafarel
56%
Generation 7 Dodoala
56%
Generation 8 Dolman
56%
Generation 1 Électhor de Galar
56%
Generation 2 Feuforêve
56%
Generation 5 Lampéroie
56%
Generation 4 Magirêve
56%
Generation 5 Ohmassacre
56%
Generation 1 Sulfura de Galar
56%
Generation 5 Tutafeh / Tutafeh de Galar
56%
Generation 5 Tutankafer
56%
Generation 8 Tutétékri
56%
Generation 4 Ceriflor
52%
Generation 1 Chrysacier
52%
Generation 1 Coconfort
52%
Generation 3 Balbuto
48%
Generation 7 Boumata
48%
Generation 5 Hexagel
48%
Generation 3 Kaorine
48%
Generation 7 Sarmuraï
48%
Generation 4 Ceribou
44%
Generation 7 Sovkipou
44%
Generation 5 Grindur
40%
Generation 5 Limonde de Galar
40%
Generation 8 Morpeko
40%
Generation 8 Nigosier
40%
Generation 5 Noacier
40%
Generation 9 Superdofin
40%
Generation 4 Vortente
40%
Generation 1 Raichu d'Alola
36%
Generation 9 Dofin
32%
Generation 6 Flingouste
32%
Generation 6 Gamblast
32%
Generation 2 Ymphect
28%
Generation 9 Terracool
20%
Generation 9 Terracruel
20%
Aucun quiz correspondant
Distribution des résultats
% des personnes avec chaque résultat
Percentile par nombre de réponses
Votre historique - résultats
Vous n’avez pas pris ce quiz depuis la dernière actualisation